Concurso de pintura, escultura y periodismo : Premios San Jorge 1952 Premios San Jorge 1952
Colección:
San Jorge,
; núm. 5 (gener 1952), pàg 52
Materias:
Barcelona (Catalunya : Província). -- Diputació -- Premis
; Premios San Jorge
; Pintura -- Concursos
; Escultura -- Concursos
; Periodisme -- Concursos
Idioma:
Español
MARC
| LEADER | 00000naa a2200000 a 4500 | ||
|---|---|---|---|
| 003 | Arxiu | ||
| 005 | 20260324181037.0 | ||
| 008 | 160829s1952 spc xx s spa c | ||
| 040 | |a agdb | ||
| 245 | 0 | 0 | |a Concurso de pintura, escultura y periodismo : |b Premios San Jorge 1952 |
| 490 | |a San Jorge, |v núm. 5 (gener 1952), pàg 52 | ||
| 590 | |a Inclou les bases del concurs | ||
| 610 | 1 | 0 | |a Barcelona (Catalunya : Província). |b Diputació |x Premis |9 54545 |
| 650 | 0 | |a Premios San Jorge |9 54544 | |
| 650 | |a Pintura |x Concursos |9 21477 | ||
| 650 | |a Escultura |x Concursos |9 30518 | ||
| 650 | |a Periodisme |x Concursos |9 26225 | ||
| 773 | |g Núm. 5 (gener 1952), pàg 52 |t San Jorge | ||
| 901 | |a Arxiu | ||
| 942 | |n 1 |2 udc | ||
| 952 | |0 0 |1 0 |4 0 |6 REV508 |7 1 |9 64628 |a Arxiu |b Arxiu |d 2022-12-02 |l 0 |o Rev-508 |r 2022-12-02 00:00:00 |w 2022-12-02 |y ARXIU |z També disponible a Rev-521 | ||
| 999 | |c 48564 |d 48564 | ||